000 00493nam a2200121Ia 4500
008 220616s9999||||xx |||||||||||||| ||und||
100 _aShaw, Ian C.||Farrelly, Trisia
245 0 _aChapter Polystyrene as Hazardous Household Waste
546 _aEnglish[eng]
650 _arobotics, demining, navigation, sensors, image processing
856 _uhttps://library.oapen.org/bitstream/20.500.12657/49218/1/52793.pdf||https://library.oapen.org/bitstream/20.500.12657/49218/1/52793.pdf
942 _cEB
999 _c21184
_d21184